Statistics for 20 Most Streamed Songs from 2015 on Spotify

Click here to take the quiz!

General Stats

  • This quiz has been taken 122 times
    (120 since last reset)
  • The average score is 16 of 20

Answer Stats

ArtistSong% Correct
AdeleHello
96%
Justin BieberLove Yourself
96%
Justin BieberSorry
96%
Justin BieberWhat Do You Mean?
96%
The WeekndCan't Feel My Face
90%
The WeekndThe Hills
90%
The WeekndEarned It
90%
Shawn MendesStitches
85%
Twenty One PilotsStressed Out
82%
Twenty One PilotsRide
82%
Wiz KhalifaSee You Again
81%
Mark RonsonUptown Funk
79%
Ellie GouldingLove Me Like You Do
71%
Ariana GrandeSide To Side
69%
Major LazerLean On
67%
Major LazerLight It Up
67%
OMICheerleader
66%
Clean BanditRather Be
61%
Alan WalkerFaded
59%
Tame ImpalaThe Less I Know The Better
34%

Score Distribution

Percentile by Number Answered

Percent of People with Each Score

Your Score History

You have not taken this quiz since the last reset